عرض عادي
عرض مارك
- التعليم
مدخل مصطلح موضوعي
001 - رقم الضبط
- حقل الضبط: 111078
003 - معرف رقم الضبط
- حقل الضبط: OSt
005 - تاريخ ووقت أخر عملية
- حقل الضبط: 20221107091847.0
008 - عناصر بيانات ثابتة الطول
- حقل تحكم ثابت الطول: 221107|| aca||aabn | a|a d
040 ## - مصدر الفهرسة
- هيئة الفهرسة الأصلية: OSt
- وكالة الكتابة: OSt
150 ## - مدخل-- مصطلح تاريخي
- عنصر مدخل المصطلح الموضوعي او الاسم الجغرافي: التعليم
670 ## - بيانات المصدر موجوده
- الاستشهاد بالمصدر: Work cat.: (OSt): الأقصم، إبراهيم بن يوسف 111077, الحياة المكية والمدنية في عيون المصادر والمراجع والدراسات الحديثة : , 2019
